Miasta w Polsce z końcówką "-ski" - Nagła Śmierć - Statystyki

Ogólne statystyki
  • Ten quiz został rozwiązany 163 razy
  • Średni wynik to 13 z 46
Answers on the Grid
Answers color-coded by a green-red scale on the quiz's grid according to % correct below.
Aleksandrów Kujawski
Baranów Sandomierski
Bielsk Podlaski
Bisztynek Olsztyński
Bolków Kamieński
Borek Wielkopolski
Brześć Kujawski
Bytom Odrzański
Czarnocin Piotrkowski
Czarnocin Podlaski
Czarski
Dąbrowiec Tarnowski
Daleszyniec Warszawski
Głogów Małopolski
Głoski
Gorzędów Kamieński
Gorzów Śląski
Gorzów Wielkopolski
Grodzisk Wielkopolski
Gryfów Śląski
Janów Lubelski
Janów Podlaski
Janowiec Wielkopolski
Jawor Koniński
Jawornik Polski
Jurków Borowski
Kalisz Pomorski
Kamień Krajeński
Kamień Podolski
Kamień Pomorski
Koźmin Wielkopolski
Krzyż Wielkopolski
Książ Wielkopolski
Lębork Pomorski
Lewin Brzeski
Lidzbark Warmiński
Lubień Kujawski
Lubień Łaski
Lwówek Brzeski
Lwówek Śląski
Maków Podhalański
Międzyrzec Podlaski
Nowe Głoski
Nowogród Bobrzański
Nowy Dwór Gdański
Opatów Suski
Ostrów Lubelski
Ostrów Sokołowski
Ostrów Wielkopolski
Ostrowiec Świętokrzyski
Piaski
Piotrków Kujawski
Piotrków Trybunalski
Pruszcz Gdański
Radzyń Chełmiński
Radzyń Kujawski
Radzyń Podlaski
Radzynek Kolski
Raszów Podlaski
Rejowiec Trybunalski
Sędziszów Małopolski
Sędziszów Świętokrzyski
Skalmierzyk Kaliski
Sokołów Małopolski
Sokołów Podlaski
Solec Kujawski
Solec Wiślański
Stargard Szczeciński
Starogard Gdański
Stawiski
Stoczek Łukowski
Suchań Beskidzki
Szadek Piski
Szczuczyn Karski
Tomaszów Lubelski
Turek Kolski
Tyczyn Rzeszowski
Ustrzyk Górski
Węgrzyn Kujawski
Wodzisław Śląski
 
Statystyki odpowiedzi
Odpowiedź % Poprawnych
Aleksandrów Kujawski
84%
Bielsk Podlaski
59%
Gorzów Wielkopolski
57%
Grodzisk Wielkopolski
43%
Starogard Gdański
41%
Brześć Kujawski
39%
Piotrków Trybunalski
39%
Wodzisław Śląski
39%
Nowy Dwór Gdański
37%
Ostrowiec Świętokrzyski
37%
Pruszcz Gdański
37%
Baranów Sandomierski
35%
Ostrów Wielkopolski
35%
Gorzów Śląski
33%
Gryfów Śląski
33%
Głogów Małopolski
31%
Kamień Pomorski
31%
Radzyń Podlaski
31%
Borek Wielkopolski
29%
Bytom Odrzański
29%
Janów Lubelski
29%
Lidzbark Warmiński
29%
Solec Kujawski
29%
Tomaszów Lubelski
29%
Lwówek Śląski
27%
Sokołów Podlaski
25%
Sędziszów Małopolski
24%
Krzyż Wielkopolski
22%
Książ Wielkopolski
22%
Międzyrzec Podlaski
22%
Piotrków Kujawski
22%
Kalisz Pomorski
20%
Maków Podhalański
20%
Ostrów Lubelski
20%
Piaski
20%
Stoczek Łukowski
20%
Nowogród Bobrzański
18%
Koźmin Wielkopolski
16%
Lewin Brzeski
16%
Radzyń Chełmiński
16%
Stawiski
16%
Janowiec Wielkopolski
14%
Kamień Krajeński
14%
Lubień Kujawski
14%
Sokołów Małopolski
14%
Jawornik Polski
10%
Nie znaleziono quizów pasujących do podanych kryteriów
Rozkład punktacji
Procent ludzi z każdym wynikiem
Percentyl według liczby udzielonych odpowiedzi
Twoja historia wyników
Nie rozwiązałeś tego quizu